Caramelos de menta / (Registro nro. 12169)

Detalles MARC
000 -LEADER
fixed length control field 00924cam a2200349 i 4500
001 - CONTROL NUMBER
control field 0000836
003 - CONTROL NUMBER IDENTIFIER
control field DO-SdBNP
005 - DATE AND TIME OF LATEST TRANSACTION
control field 20161129150323.0
007 - PHYSICAL DESCRIPTION FIXED FIELD--GENERAL INFORMATION
fixed length control field 0000836
008 - FIXED-LENGTH DATA ELEMENTS--GENERAL INFORMATION
fixed length control field 100514s 1997 sp a | |||| 000 f spa
015 ## - NATIONAL BIBLIOGRAPHY NUMBER
National bibliography number
017 ## - COPYRIGHT OR LEGAL DEPOSIT NUMBER
Copyright or legal deposit number
Assigning agency
020 ## - INTERNATIONAL STANDARD BOOK NUMBER
International Standard Book Number 8434808986
035 ## - SYSTEM CONTROL NUMBER
System control number
040 ## - CATALOGING SOURCE
Original cataloging agency BPMSU
Language of cataloging spa
Transcribing agency BPMSU
Description conventions
080 ## - UNIVERSAL DECIMAL CLASSIFICATION NUMBER
Universal Decimal Classification number
100 1# - MAIN ENTRY--PERSONAL NAME
Personal name Vásquez Vigo, Carmen
Dates associated with a name 1923-
245 10 - TITLE STATEMENT
Title Caramelos de menta /
Medium
Statement of responsibility, etc. Carmen Vásquez Vigo ; ilustraciones Antonio Tello
250 ## - EDITION STATEMENT
Edition statement 24a. ed.
260 ## - PUBLICATION, DISTRIBUTION, ETC. (IMPRINT)
Place of publication, distribution, etc. Madrid :
Name of publisher, distributor, etc. Sm,
Date of publication, distribution, etc. 1997.
300 ## - PHYSICAL DESCRIPTION
Extent 120 p.:
Other physical details il.
Dimensions 19 cm.
490 1# - SERIES STATEMENT
Series statement El barco de vapor
Volume/sequential designation 2
490 1# - SERIES STATEMENT
Series statement Azul
521 ## - TARGET AUDIENCE NOTE
Target audience note A partir de 7 años.
586 ## - AWARDS NOTE
Awards note Premio Doncel de novela juvenil, 1971-1972
586 ## - AWARDS NOTE
Awards note Premio Lazarillo, 1973
700 1# - ADDED ENTRY--PERSONAL NAME
Personal name Tello, Antonio
Relator term il.
830 #0 - SERIES ADDED ENTRY--UNIFORM TITLE
Uniform title El barco de vapor
Number of part/section of a work 2
830 #0 - SERIES ADDED ENTRY--UNIFORM TITLE
Uniform title Azul
942 ## - ADDED ENTRY ELEMENTS (KOHA)
Source of classification or shelving scheme Dewey Decimal Classification
Koha item type Libros
956 ## - LOCAL ELECTRONIC LOCATION AND ACCESS (OCLC)
Host name YLOCKWARD
Field link and sequence number 10
Compression information BPMSU
Existencias
Withdrawn status Lost status Source of classification or shelving scheme Damaged status Not for loan Collection code Home library Current library Date acquired Source of acquisition Total Checkouts Barcode Date last seen Price effective from Koha item type
    Dewey Decimal Classification     Colección Infantil General Biblioteca Pública Metropolitana Salomé Ureña Biblioteca Pública Metropolitana Salomé Ureña 11/29/2016 Donado por Fundi   BPMSU16111663 11/29/2016 11/29/2016 Libros